<?xml version="1.0" encoding="UTF-8"?>
<collection xmlns="http://www.loc.gov/MARC21/slim">
<record>
  <controlfield tag="001">257652</controlfield>
  <controlfield tag="005">20230715173049.0</controlfield>
  <datafield tag="035" ind1=" " ind2=" ">
    <subfield code="a">G:(GEPRIS)404505888</subfield>
  </datafield>
  <datafield tag="024" ind1="7" ind2=" ">
    <subfield code="a">G:(GEPRIS)404505888</subfield>
    <subfield code="d">404505888</subfield>
  </datafield>
  <datafield tag="040" ind1=" " ind2=" ">
    <subfield code="a">GEPRIS</subfield>
    <subfield code="c">http://gepris.its.kfa-juelich.de</subfield>
  </datafield>
  <datafield tag="150" ind1=" " ind2=" ">
    <subfield code="a">Radioimmuntherapie des Pankreaskarzinoms: Kombination von Strahlentherapie, Radiosensibilisierung und multi-funktionaler Immun-Checkpoint-Blockade (P16)</subfield>
    <subfield code="y">2018 - 2023</subfield>
  </datafield>
  <datafield tag="371" ind1=" " ind2=" ">
    <subfield code="a">Professor Dr. Karl-Peter Hopfner</subfield>
  </datafield>
  <datafield tag="371" ind1=" " ind2=" ">
    <subfield code="a">Professorin Dr. Kirsten Lauber</subfield>
  </datafield>
  <datafield tag="371" ind1=" " ind2=" ">
    <subfield code="a">Professor Dr. Marc Schmidt-Supprian</subfield>
  </datafield>
  <datafield tag="450" ind1=" " ind2=" ">
    <subfield code="a">SFB 1321 P16</subfield>
    <subfield code="w">d</subfield>
    <subfield code="y">2018 - 2023</subfield>
  </datafield>
  <datafield tag="510" ind1="1" ind2=" ">
    <subfield code="a">Deutsche Forschungsgemeinschaft</subfield>
    <subfield code="0">I:(DE-588b)2007744-0</subfield>
    <subfield code="b">DFG</subfield>
  </datafield>
  <datafield tag="550" ind1=" " ind2=" ">
    <subfield code="0">G:(GEPRIS)329628492</subfield>
    <subfield code="a">SFB 1321: Modellierung und Targeting des Pankreaskarzinoms</subfield>
    <subfield code="w">t</subfield>
  </datafield>
  <datafield tag="680" ind1=" " ind2=" ">
    <subfield code="a">Wir werden das therapeutische Potential der Kombination aus Strahlentherapie, Radiosensibilisatoren und multi-funktionalen Antikörperderivaten ermitteln. Letztere modulieren Checkpoints des angeborenen und adaptiven Immunsystems. Radiosensibilisierende Wirkstoffe werden in Screening-Ansätzen identifiziert, gefolgt von mechanistischen Charakterisierungen. Wir wollen basale und Therapie-induzierte Angriffspunkte in Immuncheckpoints identifizieren und mit Antikörperderivaten adressieren. Kombinationen der vielversprechendsten Ansätze werden in syngenen Transplantationsmodellen auf den Ebenen der Zelle, des Transkriptoms und des Proteoms untersucht.</subfield>
  </datafield>
  <datafield tag="909" ind1="C" ind2="O">
    <subfield code="o">oai:juser.fz-juelich.de:924255</subfield>
    <subfield code="p">authority:GRANT</subfield>
    <subfield code="p">authority</subfield>
  </datafield>
  <datafield tag="980" ind1=" " ind2=" ">
    <subfield code="a">G</subfield>
  </datafield>
  <datafield tag="980" ind1=" " ind2=" ">
    <subfield code="a">AUTHORITY</subfield>
  </datafield>
  <datafield tag="909" ind1="C" ind2="O">
    <subfield code="o">oai:juser.fz-juelich.de:924255</subfield>
  </datafield>
</record>
</collection>